[Event "Barcelona Vila de Gracia Seniors 55+ op"]
[Site "Barcelona"]
[Date "2014.03.17"]
[Round "1"]
[White "Capdevila Castello, Albert"]
[Black "Segura Vila, Juan L"]
[Result "0-1"]
[WhiteElo "1793"]
[BlackElo "2074"]
[PlyCount "42"]
[EventDate "2014.03.17"]
[EventType "swiss"]
[EventRounds "8"]
[EventCountry "ESP"]
[SourceTitle "EXT 2015"]
[Source "ChessBase"]
[SourceDate "2014.11.20"]
[SourceVersion "1"]
[SourceVersionDate "2014.11.20"]
[SourceQuality "1"]

1. e4 e5 2. Nf3 Nc6 3. Bc4 Nf6 4. d3 d5 5. exd5 Nxd5 6. 0-0 Be6 7. a3 Bd6 8. Bg5 f6 9. Bh4 Qd7 10. Nbd2 g5 11. Bg3 h5 12. Bxd5 Bxd5 13. h3 g4 14. hxg4 hxg4 15. Nh4 0-0-0 16. c4 Be6 17. b4 f5 18. c5 Be7 19. Ng6 Rh6 20. Nxe5 Rdh8 21. f4 Qd4+ 0-1

[Event "Catalunya-chB"]
[Site "Spain"]
[Date "1996.10.20"]
[Round "3"]
[White "Sahloul Sahloul, Mulham"]
[Black "Capdevila Castello, Albert"]
[Result "1-0"]
[WhiteElo "1775"]
[BlackElo "1720"]
[PlyCount "97"]
[EventDate "1997.??.??"]
[EventType "swiss"]
[EventRounds "8"]
[EventCountry "ESP"]
[SourceTitle "EXT 2003"]
[Source "ChessBase"]
[SourceDate "2002.11.25"]
[SourceVersion "1"]
[SourceVersionDate "2002.11.25"]
[SourceQuality "1"]

1. d4 d5 2. c4 e5 3. dxe5 d4 4. e4 Nc6 5. Nf3 Be6 6. Bg5 Nge7 7. Nbd2 Qd7 8. Nb3 Bg4 9. Nc5 Bxf3 10. gxf3 Qc8 11. h4 Qd8 12. Bh3 Nxe5 13. f4 Qd6 14. b4 Qb6 15. a3 N5c6 16. Bd7+ Kd8 17. Bxc6 Qxc6 18. Qxd4+ Ke8 19. b5 Rd8 20. Qxd8+ Kxd8 21. bxc6 bxc6 22. Rd1+ Kc8 23. f5 f6 24. Bf4 Nxf5 25. Ne6 Nd6 26. c5 Nb7 27. Nxf8 Rxf8 28. Be3 Re8 29. f3 f5 30. Kf2 Re5 31. Bd4 Re8 32. exf5 Rf8 33. Rhe1 Rxf5 34. Bxg7 Nxc5 35. Re8+ Kb7 36. Rb1+ Ka6 37. Ke3 Na4 38. Re7 Nb6 39. Ke4 Ra5 40. Rxc7 Ra4+ 41. Bd4 c5 42. Rxc5 Rxa3 43. Rc6 Ra4 44. Ke5 Ra5+ 45. Kf6 Rh5 46. Kg7 Rxh4 47. Bxb6 axb6 48. Rcxb6+ Ka5 49. Rb8 1-0